000 00284nam a2200097 4500
999 _c524716
_d524716
082 _aA45:R8/2018.-19
100 _aIndia.National Institute of Labour Economics Research and Development
_913040
245 _aAnnual report, 2018-19
260 _aDelhi
_bThe author
_c2019
300 _a84p.